[Event "Quebec Montcalm op 5 2001-02"]
[Site "Quebec"]
[Date "2002.03.14"]
[Round "4"]
[White "Poinlane, Philippe"]
[Black "Lessard, Claude"]
[Result "1-0"]
[WhiteElo "1810"]
[BlackElo "1912"]
[PlyCount "77"]
[EventDate "2002.01.24"]
[EventType "swiss"]
[EventRounds "5"]
[EventCountry "CAN"]
[SourceTitle "EXT 2022"]
[Source "ChessBase"]
[SourceDate "2021.10.06"]
[SourceVersion "1"]
[SourceVersionDate "2021.10.06"]
[SourceQuality "1"]

1. e4 c5 2. Nc3 d6 3. d3 e5 4. Nf3 Nc6 5. Be2 Nge7 6. 0-0 h6 7. Re1 g5 8. Nd5 Nxd5 9. exd5 Ne7 10. c4 Ng6 11. Nd2 Bg7 12. Ne4 0-0 13. Bd2 f5 14. Ng3 Nf4 15. Rb1 Nxe2+ 16. Qxe2 f4 17. Ne4 g4 18. f3 h5 19. b4 b6 20. bxc5 bxc5 21. Rb5 Rf7 22. Ba5 Qe7 23. Reb1 Bf8 24. Rb8 Rxb8 25. Rxb8 Bf5 26. Bd8 Qd7 27. Nf6+ Rxf6 28. Bxf6 Qh7 29. Rb3 Qg6 30. Bh4 gxf3 31. Qxf3 Bg4 32. Qe4 Bf5 33. Qe2 Bg4 34. Qf2 Bf5 35. Rb8 Qh7 36. g3 Bxd3 37. gxf4 Qg7+ 38. Qg2 exf4 39. Be7 1-0

[Event "Quebec Montcalm op"]
[Site "Quebec"]
[Date "2002.03.03"]
[Round "5"]
[White "Poinlane, Philippe"]
[Black "Auger, Bertrand"]
[Result "1/2-1/2"]
[WhiteElo "1785"]
[BlackElo "2035"]
[PlyCount "111"]
[EventDate "2002.03.01"]
[EventType "swiss"]
[EventRounds "5"]
[EventCountry "CAN"]
[SourceTitle "EXT 2022"]
[Source "ChessBase"]
[SourceDate "2021.10.06"]
[SourceVersion "1"]
[SourceVersionDate "2021.10.06"]
[SourceQuality "1"]

1. e4 e6 2. d3 d5 3. Nd2 c5 4. Ngf3 Nf6 5. g3 Be7 6. Bg2 Nc6 7. c3 Qc7 8. Qe2 b6 9. 0-0 Bb7 10. e5 Nd7 11. d4 cxd4 12. cxd4 Nb4 13. Nb3 Ba6 14. Qd1 Bxf1 15. Bxf1 Qc2 16. Qxc2 Nxc2 17. Rb1 a5 18. Bf4 0-0 19. a3 Rfc8 20. Rc1 a4 21. Nbd2 g5 22. Bb5 Nf8 23. Nxg5 Bxg5 24. Bxg5 Nxd4 25. Rxc8 Rxc8 26. Bxa4 b5 27. Be3 bxa4 28. Bxd4 Rc2 29. Nf3 Rc1+ 30. Kg2 Nd7 31. h4 Nc5 32. Bc3 Nd3 33. Nd4 Rb1 34. f4 Nxb2 35. f5 exf5 36. Nxf5 Nd1 37. Bb4 Rxb4 38. axb4 a3 39. Nd4 a2 40. Nb3 Nc3 41. Kf2 d4 42. Ke1 Kf8 43. Kd2 h5 44. Kc2 Ke7 45. Kb2 Ne2 46. b5 Kd8 47. Kxa2 d3 48. Nd2 Nxg3 49. Kb3 Ne2 50. Kc4 Nf4 51. Kd4 Ng6 52. Kxd3 Nxh4 53. Ke4 Kc7 54. Nc4 Ng6 55. Kf5 h4 56. Kg4 1/2-1/2

[Event "Quebec Montcalm op 4 2001-02"]
[Site "Quebec"]
[Date "2002.01.17"]
[Round "1"]
[White "Dion, Jean Francois"]
[Black "Poinlane, Philippe"]
[Result "0-1"]
[WhiteElo "1713"]
[BlackElo "1783"]
[PlyCount "139"]
[EventDate "2002.01.17"]
[EventType "swiss"]
[EventRounds "5"]
[EventCountry "CAN"]
[SourceTitle "EXT 2022"]
[Source "ChessBase"]
[SourceDate "2021.10.06"]
[SourceVersion "1"]
[SourceVersionDate "2021.10.06"]
[SourceQuality "1"]

1. d4 f5 2. Nf3 Nf6 3. Bf4 g6 4. h3 Bg7 5. e3 0-0 6. Nbd2 d6 7. c3 Kh8 8. Be2 c6 9. 0-0 Na6 10. Qc2 Nc7 11. Bh2 Bd7 12. Bd3 Qe8 13. Nc4 Ncd5 14. a4 Rc8 15. Qb3 b6 16. Bxd6 b5 17. axb5 cxb5 18. Bc5 bxc4 19. Bxc4 Nb6 20. Bxb6 axb6 21. Ne5 h6 22. Bf7 Rxf7 23. Qxf7 Qxf7 24. Nxf7+ Kh7 25. Ra7 Bb5 26. Rfa1 Nd5 27. Ra8 Rc6 28. R1a7 Re6 29. Rc8 f4 30. c4 fxe3 31. fxe3 Nxe3 32. cxb5 Bxd4 33. Kh1 Nf5 34. Rc1 Re2 35. Rac7 Kg7 36. R7c4 Kxf7 37. Rf1 Bf6 38. Rf3 Rxb2 39. g4 Nd6 40. Rc1 Rxb5 41. h4 Kg7 42. Kg2 Rb2+ 43. Kf1 Bxh4 44. Rc7 b5 45. Rd3 Kf8 46. Rh3 Bg5 47. Rf3+ Kg7 48. Rd3 Kf6 49. Rc6 b4 50. Ke1 b3 51. Rb6 Rb1+ 52. Ke2 b2 53. Rdb3 Bh4 54. Rxb2 Rxb2+ 55. Rxb2 Kg5 56. Kf3 e5 57. Rb6 e4+ 58. Ke2 Bg3 59. Rc6 Kxg4 60. Ke3 h5 61. Ra6 h4 62. Ra8 h3 63. Rg8 g5 64. Rh8 h2 65. Rh7 Bf4+ 66. Kf2 Nf5 67. Kg2 e3 68. Rh8 e2 69. Re8 Ne3+ 70. Kf2 0-1